[Event "POL-chT 2nd League Juniors 2020"]
[Site "Sypniewo"]
[Date "2020.10.24"]
[Round "2.1"]
[White "Wilgosz, Jan"]
[Black "Ursnik, Patryk"]
[Result "0-1"]
[WhiteElo "1557"]
[BlackElo "1645"]
[Annotator "NA RC"]
[PlyCount "120"]
[EventDate "2020.10.23"]
[EventType "team-tourn"]
[EventCountry "POL"]
[SourceTitle "playchess.com"]
[Source "ChessBase"]
[SourceQuality "1"]
[TimeControl "5400+30"]

1. e4 {[%emt 0:00:00]} c5 {[%emt 0:00:00]} 2. Nc3 {[%emt 0:00:00]} Nc6 {[%emt 0:00:00]} 3. f4 {[%emt 0:00:25]} g6 {[%emt 0:01:40]} 4. Nf3 {[%emt 0:00:33]} Bg7 {[%emt 0:00:13]} 5. Bb5 {[%emt 0:00:25]} Nd4 {[%emt 0:01:22]} 6. O-O {[%emt 0:00:23]} a6 {[%emt 0:00:08]} 7. Be2 {[%emt 0:04:56]} b5 {[%emt 0:03:55]} 8. e5 {[%emt 0:10:43]} d6 9. d3 {[%emt 0:24:18]} Nh6 {[%emt 0:15:19]} 10. Nxd4 {[%emt 0:07:05]} cxd4 {[%emt 0:00:18]} 11. Ne4 {[%emt 0:00:54]} dxe5 {[%emt 0:01:34]} 12. fxe5 {[%emt 0:00:28]} O-O {[%emt 0:01:13]} 13. Bf3 {[%emt 0:08:20]} Ra7 {[%emt 0:05:01]} 14. Qe2 {[%emt 0:05:36]} Qb6 {[%emt 0:16:17]} 15. Ng3 {[%emt 0:05:34]} Nf5 {[%emt 0:01:35]} 16. Nxf5 {[%emt 0:02:17]} Bxf5 {[%emt 0:00:14]} 17. c3 {[%emt 0:04:18]} Rc7 {[%emt 0:02:56]} 18. Be4 {[%emt 0:09:14]} Bxe4 {[%emt 0:01:32]} 19. Qxe4 {[%emt 0:00:28]} dxc3+ {[%emt 0:00:40]} 20. Be3 {[%emt 0:00:58]} Qc6 {[%emt 0:04:01]} 21. Qxc6 {[%emt 0:04:08]} Rxc6 {[%emt 0:00:10]} 22. Bd4 {[%emt 0:03:47]} c2 {[%emt 0:02:28]} 23. Be3 {[%emt 0:02:58]} Bxe5 {[%emt 0:00:25]} 24. d4 {[%emt 0:00:34]} Bg7 {[%emt 0:00:32]} 25. Rac1 {[%emt 0:00:29]} e6 {[%emt 0:01:17]} 26. Rf2 {[%emt 0:00:29]} Rfc8 {[%emt 0:00:09]} 27. Rd2 {[%emt 0:00:35]} a5 {[%emt 0:01:13]} 28. Kf2 {[%emt 0:01:03]} a4 {[%emt 0:04:48]} 29. Ke2 {[%emt 0:00:34]} b4 {[%emt 0:00:27]} 30. Rd3 {[%emt 0:01:07]} Kf8 {[%emt 0:02:14]} 31. b3 {[%emt 0:01:30]} axb3 {[%emt 0:01:53]} 32. Rxb3 {[%emt 0:00:39]} Rc3 {[%emt 0:00:48]} 33. Bd2 {[%emt 0:00:56]} Rxb3 {[%emt 0:00:07]} 34. axb3 {[%emt 0:00:03]} Bxd4 {[%emt 0:00:09]} 35. Bxb4+ {[%emt 0:00:19]} Ke8 {[%emt 0:03:40]} 36. Kd3 {[%emt 0:00:42]} Be5 {[%emt 0:00:41]} 37. h3 {[%emt 0:00:43]} Rb8 {[%emt 0:01:36]} 38. Kc4 {[%emt 0:00:29]} Rc8+ {[%emt 0:00:47]} 39. Kd3 {[%emt 0:00:11]} Kd7 {[%emt 0:00:08]} 40. Rxc2 {[%emt 0:00:22]} Rxc2 {[%emt 0:00:05]} 41. Kxc2 {[%emt 0:00:08]} Kc6 {[%emt 0:00:06]} 42. Kd3 {[%emt 0:01:13]} Kd5 {[%emt 0:00:42]} 43. Bf8 {[%emt 0:00:43]} Bb8 {[%emt 0:00:23]} 44. Be7 {[%emt 0:00:41]} f5 {[%emt 0:00:10]} 45. Bf8 {[%emt 0:00:36]} e5 {[%emt 0:00:07]} 46. Bh6 {[%emt 0:00:26]} Kc5 {[%emt 0:02:34]} 47. Bd2 {[%emt 0:00:33]} e4+ {[%emt 0:00:59]} 48. Ke2 {[%emt 0:00:27]} Kd4 {[%emt 0:00:42]} 49. Ba5 {[%emt 0:00:34]} h5 {[%emt 0:00:42]} 50. Bd2 {[%emt 0:00:17]} f4 {[%emt 0:02:12]} 51. Ba5 {[%emt 0:00:15]} g5 {[%emt 0:00:33]} 52. Bd8 {[%emt 0:00:21]} g4 {[%emt 0:00:08]} 53. Bf6+ {[%emt 0:00:48]} Be5 {[%emt 0:00:37]} 54. Be7 {[%emt 0:00:27]} f3+ {[%emt 0:00:19]} 55. Kf1 {[%emt 0:00:26]} Bg3 {[%emt 0:00:40]} 56. hxg4 {[%emt 0:00:37]} hxg4 {[%emt 0:00:05]} 57. gxf3 {[%emt 0:00:09]} gxf3 {[%emt 0:00:20]} 58. Bd8 {[%emt 0:01:05]} e3 {[%emt 0:00:34]} 59. Bb6+ {[%emt 0:00:26]} Kd3 {[%emt 0:00:18]} 60. b4 {[%emt 0:00:41]} e2+ {[%emt 0:00:18]} 0-1

[Event "POL-chT 2nd League Juniors 2020"]
[Site "Sypniewo"]
[Date "2020.10.24"]
[Round "2.2"]
[White "Siekanska, Zuzanna"]
[Black "Kolodziejski, Piotr"]
[Result "0-1"]
[WhiteElo "1800"]
[BlackElo "1905"]
[Annotator "TA"]
[PlyCount "124"]
[EventDate "2020.10.23"]
[EventType "team-tourn"]
[EventCountry "POL"]
[SourceTitle "playchess.com"]
[Source "ChessBase"]
[SourceQuality "1"]

{[%evp 16,124,0,-7,0,0,0,0,0,-10,-8,-29,-19,-18,-14,-36,-33,-59,-2,-60,-49,-46,-27,-31,-27,-29,-39,-68,-71,-110,-112,-134,-64,-100,-125,-125,-123,-256,-265,-272,-220,-217,-217,-206,-211,-251,-242,-306,-306,-330,-302,-345,-310,-310,-310,-309,-310,-282,-266,-272,-227,-267,-271,-267,-270,-258,-249,-266,-233,-259,-263,-277,-281,-282,-266,-431,-423,-398,-380,-568,-486,-828,-890,-810,-803,-724,-739,-587,-585,-788,-770,-1027,-1279,-1141,-1080,-4645,-1094,-4645,-4645,-4645,-4627,-4133,-1666,-4618,-1780,-29973,-29974,-29985,-29986,-29986,-29987]} 1. d4 {Ftacnik,L} Nf6 2. c4 e6 3. Nf3 b6 4. a3 Bb7 5. Nc3 d5 6. cxd5 Nxd5 7. Bd2 Nd7 8. Qc2 c5 9. e4 Nxc3 {E12: Queen's Indian: Unusual White 4th moves, 4 a3, 4 Nc3 Bb7 5 a3 and 4 Nc3 Bb7 .} 10. Bxc3 cxd4 11. Nxd4 a6 {The position is equal.} 12. Rd1 Qc7 13. Be2 Be7 14. O-O O-O {[#]} 15. Rfe1 $146 ({Predecessor:} 15. f4 Rac8 16. Kh1 Nc5 17. e5 Be4 18. Qd2 Qb7 19. Bg4 Rfd8 20. Qe2 g6 21. Bb4 {0-1 (33) Bagirov,R (2471)-Palac,M (2610) Batumi 1999 CBM 074 [Ftacnik,L]}) 15... Rac8 16. Bd3 {[#]} Ne5 (16... Bxa3 $1 $15 {[%mdl 512]} 17. e5 (17. bxa3 Qxc3) 17... g6) 17. Re3 ({White should play} 17. Qe2 $11) 17... Nxd3 18. Qxd3 Rfd8 {White must now prevent ...e5.} 19. Qe2 Rd7 20. Rg3 g6 21. Re1 Bd6 22. Rh3 Be5 23. Qe3 Bf4 (23... Rcd8 $17 {[%cal Re5d4]} 24. Ne2 Rd1) 24. Qf3 Rcd8 25. Ne2 Be5 $36 {[%mdl 2048] Hoping for ...Rd1. Black is in control.} 26. Qg4 {Now White is beyond hope.} (26. Qe3 $17 {is a better defense.}) 26... Rd1 $19 27. Kf1 Bxc3 28. Nxc3 Qc4+ 29. Qe2 Qxe2+ 30. Kxe2 R1d2+ 31. Kf3 Rxb2 32. Na4 Rb5 33. Kf4 g5+ 34. Kg4 {[#]} Bxe4 $1 {[%mdl 512]} 35. Nc3 (35. Rxe4 f5+) 35... Bf5+ 36. Kxg5 Bxh3+ 37. Nxb5 Kg7 (37... axb5 38. gxh3 Rd2 39. f4 $17) 38. gxh3 {[%mdl 4096] Endgame [#] Strongly threatening Nc3. KRN-KR} Rd5+ $1 ({Resist} 38... axb5 39. Rb1 $17) 39. Kg4 {And now Nc7 would win.} Rxb5 {KR-KR} 40. Re3 Kg6 41. h4 f5+ 42. Kf4 Kf6 43. Rc3 Rc5 44. Rb3 b5 45. h3 $2 (45. Kg3 {keeps fighting.}) 45... Rc4+ 46. Kg3 h5 47. f4 (47. Rd3 $142) 47... e5 48. fxe5+ (48. Rd3 $142 exf4+ 49. Kh2) 48... Kxe5 49. Re3+ Re4 {( -> ...f4+)} 50. Rc3 f4+ 51. Kf2 Rc4 52. Rd3 Rc2+ 53. Kg1 Ke4 54. Rd6 a5 {[%cal Ba6a5,Ba5b4,Bb4b3,Bb3b2][%mdl 32]} 55. Rh6 Rc5 (55... b4 $142 56. axb4 axb4) 56. Kf2 b4 57. axb4 axb4 58. Rb6 Rc2+ 59. Kg1 Rb2 (59... Kf3 $142 60. Rb5 {[#]} Kg3 $1 {[%mdl 512]} 61. Rg5+ Kxh3) 60. Rb5 b3 {Black mates.} 61. Rxh5 Rc2 62. Rb5 b2 {Av CentiPawn Loss W=-93/B=-60. Weighted=-85/-55} 0-1

[Event "POL-chT 2nd League Juniors 2020"]
[Site "Sypniewo"]
[Date "2020.10.24"]
[Round "2.2"]
[White "Bialik, Nikodem"]
[Black "Tyszecki, Aliaksandr"]
[Result "1-0"]
[WhiteElo "1547"]
[BlackElo "1456"]
[Annotator "NA RC"]
[PlyCount "129"]
[EventDate "2020.10.23"]
[EventType "team-tourn"]
[EventCountry "POL"]
[SourceTitle "playchess.com"]
[Source "ChessBase"]
[SourceQuality "1"]
[TimeControl "5400+30"]

1. Nf3 {[%emt 0:00:00]} d5 {[%emt 0:00:00]} 2. g3 {[%emt 0:00:53]} Nf6 {[%emt 0:00:00]} 3. Bg2 {[%emt 0:00:59]} Bf5 {[%emt 0:00:20]} 4. b3 {[%emt 0:03:06]} e6 {[%emt 0:00:46]} 5. Bb2 {[%emt 0:01:08]} Be7 {[%emt 0:00:54]} 6. O-O {[%emt 0:00:49]} O-O {[%emt 0:00:15]} 7. d3 {[%emt 0:01:14]} h6 {[%emt 0:02:44]} 8. Nbd2 {[%emt 0:01:13]} Nbd7 {[%emt 0:02:09]} 9. Re1 {[%emt 0:00:48]} c6 {[%emt 0:03:57]} 10. e4 {[%emt 0:03:29]} dxe4 {[%emt 0:14:29]} 11. dxe4 {[%emt 0:03:07]} Bh7 {[%emt 0:01:03]} 12. Qe2 {[%emt 0:04:11]} Nc5 13. Ne5 {[%emt 0:03:30]} Qc7 {[%emt 0:12:23]} 14. Rad1 {[%emt 0:04:00]} Rad8 {[%emt 0:02:05]} 15. f3 {[%emt 0:01:53]} Nfd7 {[%emt 0:12:34]} 16. Ndc4 {[%emt 0:03:52]} Nb6 {[%emt 0:01:41]} 17. Nxb6 {[%emt 0:01:15]} axb6 {[%emt 0:02:37]} 18. Nc4 {[%emt 0:01:25]} f6 {[%emt 0:08:15]} 19. a4 {[%emt 0:03:08]} Kf7 {[%emt 0:03:39]} 20. Ne3 {[%emt 0:03:15]} Rxd1 {[%emt 0:02:34]} 21. Rxd1 {[%emt 0:01:03]} Rd8 {[%emt 0:00:27]} 22. Bf1 {[%emt 0:01:59]} Bg6 {[%emt 0:10:24]} 23. Rd2 {[%emt 0:03:00]} Bh5 {[%emt 0:00:55]} 24. g4 {[%emt 0:01:00]} Bg6 {[%emt 0:00:03]} 25. Qd1 {[%emt 0:00:55]} Rxd2 {[%emt 0:08:43]} 26. Qxd2 {[%emt 0:00:06]} Bd6 {[%emt 0:01:09]} 27. Nc4 {[%emt 0:01:17]} Bf4 {[%emt 0:01:29]} 28. Qf2 {[%emt 0:03:22]} Nd7 {[%emt 0:05:00]} 29. Bd3 {[%emt 0:02:45]} Ke7 {[%emt 0:02:14]} 30. Bd4 {[%emt 0:00:57]} b5 {[%emt 0:01:27]} 31. axb5 {[%emt 0:01:40]} cxb5 {[%emt 0:00:02]} 32. Nb6 {[%emt 0:01:45]} Nxb6 {[%emt 0:00:37]} 33. Bc5+ {[%emt 0:00:58]} Bd6 {[%emt 0:00:32]} 34. Bxb6 {[%emt 0:00:08]} Qc6 {[%emt 0:00:47]} 35. Be3 {[%emt 0:00:18]} Be8 {[%emt 0:00:30]} 36. Qe2 {[%emt 0:00:46]} Bc5 {[%emt 0:00:24]} 37. Kg2 {[%emt 0:01:00]} Bxe3 {[%emt 0:00:02]} 38. Qxe3 {[%emt 0:00:18]} b6 {[%emt 0:00:18]} 39. Qd4 {[%emt 0:00:40]} Qc5 {[%emt 0:00:19]} 40. Qa1 {[%emt 0:00:39]} Kd6 {[%emt 0:01:13]} 41. Qa8 {[%emt 0:02:02]} Ke7 {[%emt 0:00:42]} 42. Qb7+ {[%emt 0:01:36]} Bd7 {[%emt 0:00:03]} 43. Qa7 {[%emt 0:00:53]} b4 {[%emt 0:00:29]} 44. Qb8 {[%emt 0:01:16]} Qd6 {[%emt 0:00:26]} 45. Qg8 {[%emt 0:00:25]} Qf4 {[%emt 0:01:15]} 46. Qxg7+ {[%emt 0:00:19]} Ke8 {[%emt 0:00:04]} 47. Qg6+ {[%emt 0:05:27]} Ke7 {[%emt 0:00:02]} 48. Qh7+ {[%emt 0:00:28]} Ke8 {[%emt 0:00:16]} 49. Qg7 {[%emt 0:01:19]} e5 {[%emt 0:00:58]} 50. Qg8+ {[%emt 0:04:54]} Ke7 {[%emt 0:00:01]} 51. Bc4 {[%emt 0:01:15]} Qd2+ {[%emt 0:00:42]} 52. Kh3 {[%emt 0:00:31]} Qf4 {[%emt 0:00:58]} 53. Qf7+ {[%emt 0:00:22]} Kd8 {[%emt 0:00:24]} 54. Be2 {[%emt 0:01:49]} Bxg4+ {[%emt 0:00:36]} 55. fxg4 {[%emt 0:00:52]} Qe3+ {[%emt 0:00:12]} 56. Kh4 {[%emt 0:00:42]} Qg5+ {[%emt 0:00:15]} 57. Kg3 {[%emt 0:00:10]} Qe3+ {[%emt 0:00:03]} 58. Bf3 {[%emt 0:00:10]} Qf4+ {[%emt 0:01:19]} 59. Kg2 {[%emt 0:00:11]} Qd2+ {[%emt 0:00:15]} 60. Kh3 {[%emt 0:00:13]} Qf4 {[%emt 0:00:35]} 61. Qd5+ {[%emt 0:00:33]} Ke7 {[%emt 0:00:23]} 62. Qb7+ {[%emt 0:02:24]} Kf8 {[%emt 0:00:11]} 63. Qc8+ {[%emt 0:00:29]} Kg7 {[%emt 0:00:18]} 64. Qd7+ {[%emt 0:00:12]} Kf8 {[%emt 0:00:30]} 65. Qf5 {[%emt 0:00:12]} 1-0

[Event "POL-chT 2nd League Juniors 2020"]
[Site "Sypniewo"]
[Date "2020.10.24"]
[Round "2.3"]
[White "Komendecki, Antoni"]
[Black "Lochinski, Pawel"]
[Result "1-0"]
[WhiteElo "1801"]
[BlackElo "1426"]
[Annotator "NA RC"]
[PlyCount "59"]
[EventDate "2020.10.23"]
[EventType "team-tourn"]
[EventCountry "POL"]
[SourceTitle "playchess.com"]
[Source "ChessBase"]
[SourceQuality "1"]
[TimeControl "5400+30"]

{[%evp 8,58,34,4,25,31,25,31,32767,-1,0,10,32767,0,0,26,32767,0,32767,32767,32767,32767,32767,32767,32767,32767,284,32767,32767,32767,32767,32767,32767,32767,32767,316,300,251,343,309,32767,293,32767,283,305,270,32767,280,274,253,429,435,427]} 1. c4 {[%emt 0:00:00]} Nf6 {[%emt 0:00:00]} 2. g3 {[%emt 0:00:00]} g6 {[%emt 0:00:03]} 3. Bg2 {[%emt 0:00:09]} Bg7 {[%emt 0:00:10]} 4. Nc3 {[%emt 0:00:08]} O-O {[%emt 0:00:17]} 5. e4 {[%emt 0:01:08]} d6 {[%emt 0:00:11]} 6. Nge2 {[%emt 0:00:23]} c5 {[%emt 0:04:15]} 7. O-O {[%emt 0:00:11]} Nc6 {[%emt 0:00:53]} 8. d3 {[%emt 0:00:42]} a6 {[%emt 0:13:06]} 9. h3 {[%emt 0:01:45]} Bd7 {[%emt 0:03:43]} 10. Be3 {[%emt 0:01:22]} Rb8 {[%emt 0:02:11]} 11. a4 {[%emt 0:00:08]} Na5 {[%emt 0:05:13] A36: Symmetrical English vs ...g6: 4 Bg2 Bg7.} 12. Re1 {[%emt 0:02:15] [#]} b5 $146 {[%emt 0:06:22]} ({Predecessor:} 12... Qc8 13. Kh2 h5 14. b3 Nc6 15. d4 cxd4 16. Nxd4 Nxd4 17. Bxd4 b5 18. axb5 axb5 19. e5 dxe5 20. Bxe5 {½-½ (33) Gresshoff,W (1972)-Ottens,S (2119) Germany 2014}) 13. axb5 {[%emt 0:00:30]} axb5 {[%emt 0:00:07]} 14. cxb5 {[%emt 0:00:15]} Bxb5 {[%emt 0:00:41]} 15. Nxb5 {[%emt 0:00:05]} Rxb5 {[%emt 0:00:06]} 16. Qa4 {[%emt 0:00:03]} Qb6 {[%emt 0:00:08]} 17. Nc3 {[%emt 0:00:04]} Rxb2 {[%emt 0:08:42]} 18. Qxa5 {[%emt 0:00:08]} Qxa5 {[%emt 0:00:16]} 19. Rxa5 {[%emt 0:00:05]} Rb3 {[%emt 0:00:13]} 20. Rc1 {[%emt 0:14:11]} Nd7 {[%emt 0:07:36]} 21. Nd5 {[%emt 0:02:36]} e6 {[%emt 0:05:31]} 22. Nf4 {[%emt 0:00:25]} g5 {[%emt 0:11:32]} 23. Ne2 {[%emt 0:01:25]} Rxd3 {[%emt 0:01:02]} 24. Bxg5 {[%emt 0:00:42]} Rb8 {[%emt 0:04:38]} 25. Ra2 {[%emt 0:02:31]} Ne5 {[%emt 0:06:05]} 26. Bf4 {[%emt 0:09:01]} Kf8 {[%emt 0:01:55]} 27. Be3 {[%emt 0:13:27]} Rdb3 {[%emt 0:04:46]} 28. Ra6 {[%emt 0:03:56]} R8b6 $18 {[%emt 0:03:34]} (28... Ke7 $142 29. Bf1 R3b6) 29. Rxb6 {[%emt 0:00:15]} Rxb6 {[%emt 0:00:02]} 30. Rxc5 {[%emt 0:00:26]} 1-0

[Event "POL-chT 2nd League Juniors 2020"]
[Site "Sypniewo"]
[Date "2020.10.24"]
[Round "2.3"]
[White "Marek, Grzegorz"]
[Black "Cieply, Krzysztof"]
[Result "0-1"]
[WhiteElo "1313"]
[BlackElo "1573"]
[Annotator "NA RC"]
[PlyCount "164"]
[EventDate "2020.10.23"]
[EventType "team-tourn"]
[EventCountry "POL"]
[SourceTitle "playchess.com"]
[Source "ChessBase"]
[SourceQuality "1"]
[TimeControl "5400+30"]

1. e4 {[%emt 0:00:00]} c5 {[%emt 0:00:00]} 2. Nf3 {[%emt 0:00:00]} Nc6 {[%emt 0:00:00]} 3. d4 {[%emt 0:00:00]} cxd4 {[%emt 0:00:00]} 4. Nxd4 {[%emt 0:00:02]} Nf6 {[%emt 0:00:00]} 5. Nc3 {[%emt 0:00:12]} d6 {[%emt 0:00:02]} 6. Bc4 {[%emt 0:00:33]} e5 {[%emt 0:00:09]} 7. Nxc6 {[%emt 0:00:23]} bxc6 {[%emt 0:00:08]} 8. Bg5 {[%emt 0:09:52]} Be7 {[%emt 0:00:13]} 9. O-O {[%emt 0:04:12]} O-O {[%emt 0:00:33]} 10. Bb3 {[%emt 0:08:18]} Be6 {[%emt 0:00:48]} 11. f4 {[%emt 0:05:18]} exf4 {[%emt 0:00:56]} 12. Bxf4 {[%emt 0:06:36]} d5 {[%emt 0:03:24]} 13. exd5 {[%emt 0:05:02]} cxd5 14. h3 {[%emt 0:07:17]} d4 {[%emt 0:05:54]} 15. Ne2 {[%emt 0:05:45]} Bc5 {[%emt 0:01:20]} 16. Kh1 {[%emt 0:08:02]} Ne4 {[%emt 0:14:08]} 17. Ng3 {[%emt 0:05:50]} Nxg3+ {[%emt 0:01:16]} 18. Bxg3 {[%emt 0:00:14]} Bxb3 {[%emt 0:00:25]} 19. axb3 {[%emt 0:00:15]} Qg5 {[%emt 0:00:16]} 20. Qd3 {[%emt 0:03:12]} Bb6 {[%emt 0:00:55]} 21. Rf5 {[%emt 0:03:13]} Qg6 {[%emt 0:00:21]} 22. Raf1 {[%emt 0:01:23]} f6 {[%emt 0:00:46]} 23. R5f3 {[%emt 0:00:47]} Qxd3 {[%emt 0:00:35]} 24. Rxd3 {[%emt 0:03:09]} Rfe8 {[%emt 0:00:41]} 25. Rfd1 {[%emt 0:01:09]} Re2 {[%emt 0:03:13]} 26. R1d2 {[%emt 0:04:19]} Rae8 {[%emt 0:01:00]} 27. b4 {[%emt 0:00:22]} R8e3 {[%emt 0:01:44]} 28. Bf2 {[%emt 0:06:21]} Rxd3 {[%emt 0:02:37]} 29. Rxe2 {[%emt 0:00:14]} Rd1+ {[%emt 0:00:12]} 30. Kh2 {[%emt 0:00:26]} Kf7 {[%emt 0:00:39]} 31. Kg3 {[%emt 0:00:50]} d3 {[%emt 0:03:15]} 32. cxd3 {[%emt 0:01:08]} Rxd3+ {[%emt 0:00:09]} 33. Kf4 {[%emt 0:01:48]} Bxf2 {[%emt 0:00:18]} 34. Rxf2 {[%emt 0:00:12]} Rd4+ {[%emt 0:00:03]} 35. Ke3 {[%emt 0:00:10]} Rxb4 {[%emt 0:00:04]} 36. Rc2 {[%emt 0:00:31]} Rb7 {[%emt 0:02:26]} 37. Ke4 {[%emt 0:01:06]} Ke7 {[%emt 0:00:28]} 38. Ke3 {[%emt 0:01:33]} Rd7 {[%emt 0:00:23]} 39. Kf3 {[%emt 0:01:50]} g6 {[%emt 0:00:12]} 40. Ke2 {[%emt 0:00:13]} Ke6 {[%emt 0:00:30]} 41. Rc6+ {[%emt 0:00:39]} Kf5 {[%emt 0:00:21]} 42. Rc5+ {[%emt 0:01:41]} Kf4 {[%emt 0:00:09]} 43. Rc3 {[%emt 0:00:48]} f5 {[%emt 0:00:09]} 44. g3+ {[%emt 0:00:43]} Kg5 {[%emt 0:00:05]} 45. Rc4 {[%emt 0:00:15]} h6 {[%emt 0:00:24]} 46. Ra4 {[%emt 0:00:52]} Rb7 {[%emt 0:00:54]} 47. h4+ {[%emt 0:00:43]} Kh5 {[%emt 0:00:07]} 48. b4 {[%emt 0:01:11]} Rd7 {[%emt 0:01:38]} 49. b5 {[%emt 0:00:30]} g5 {[%emt 0:01:01]} 50. hxg5 {[%emt 0:00:47]} hxg5 {[%emt 0:00:15]} 51. Ke3 {[%emt 0:00:33]} Rd5 {[%emt 0:01:14]} 52. Rxa7 {[%emt 0:00:39]} Rxb5 {[%emt 0:00:04]} 53. Ra4 {[%emt 0:00:23]} Rb3+ {[%emt 0:00:32]} 54. Kf2 {[%emt 0:00:17]} Rd3 {[%emt 0:00:59]} 55. Kg2 {[%emt 0:01:13]} Re3 {[%emt 0:00:09]} 56. Kf2 {[%emt 0:00:32]} Re4 {[%emt 0:00:17]} 57. Ra5 {[%emt 0:00:08]} Kg4 {[%emt 0:00:04]} 58. Ra3 {[%emt 0:00:29]} Rb4 {[%emt 0:00:07]} 59. Kg2 {[%emt 0:00:13]} Rb2+ {[%emt 0:00:32]} 60. Kg1 {[%emt 0:00:16]} Kh3 {[%emt 0:00:38]} 61. Kf1 {[%emt 0:00:21]} g4 {[%emt 0:02:23]} 62. Ra5 {[%emt 0:01:43]} Kxg3 {[%emt 0:00:05]} 63. Rxf5 {[%emt 0:00:22]} Rb3 {[%emt 0:00:12]} 64. Rc5 {[%emt 0:01:18]} Rb1+ {[%emt 0:00:28]} 65. Ke2 {[%emt 0:00:14]} Kg2 {[%emt 0:00:06]} 66. Rf5 {[%emt 0:00:40]} g3 {[%emt 0:00:04]} 67. Rh5 {[%emt 0:01:13]} Kg1 {[%emt 0:00:15]} 68. Rg5 {[%emt 0:01:07]} g2 {[%emt 0:00:05]} 69. Rh5 {[%emt 0:00:10]} Rb8 {[%emt 0:00:33]} 70. Re5 {[%emt 0:01:20]} Rh8 {[%emt 0:00:09]} 71. Rg5 {[%emt 0:01:50]} Kh2 {[%emt 0:00:14]} 72. Kf2 {[%emt 0:00:08]} g1=Q+ {[%emt 0:00:17]} 73. Rxg1 {[%emt 0:00:15]} Rf8+ {[%emt 0:00:03]} 74. Ke2 {[%emt 0:00:23]} Kxg1 {[%emt 0:00:05]} 75. Ke3 {[%emt 0:00:09]} Kg2 {[%emt 0:00:06]} 76. Ke4 {[%emt 0:00:09]} Kg3 {[%emt 0:00:08]} 77. Ke5 {[%emt 0:00:09]} Kg4 {[%emt 0:00:04]} 78. Ke6 {[%emt 0:00:09]} Kg5 {[%emt 0:00:05]} 79. Ke7 {[%emt 0:00:05]} Rf6 {[%emt 0:00:04]} 80. Kd7 {[%emt 0:00:16]} Kf5 {[%emt 0:00:05]} 81. Ke7 {[%emt 0:00:07]} Ke5 {[%emt 0:00:06]} 82. Kd7 {[%emt 0:00:08]} Re6 {[%emt 0:00:04]} 0-1

[Event "POL-chT 2nd League Juniors 2020"]
[Site "Sypniewo"]
[Date "2020.10.24"]
[Round "2.4"]
[White "Wojs, Alicja"]
[Black "Wilgosz, Szczepan"]
[Result "1-0"]
[WhiteElo "1392"]
[BlackElo "1371"]
[Annotator "NA RC"]
[PlyCount "139"]
[EventDate "2020.10.23"]
[EventType "team-tourn"]
[EventCountry "POL"]
[SourceTitle "playchess.com"]
[Source "ChessBase"]
[SourceQuality "1"]
[TimeControl "5400+30"]

1. e4 {[%emt 0:00:00]} c5 {[%emt 0:00:00]} 2. Nf3 {[%emt 0:00:07]} Nc6 {[%emt 0:00:00]} 3. d4 {[%emt 0:00:13]} cxd4 {[%emt 0:00:00]} 4. Nxd4 {[%emt 0:00:13]} Nf6 {[%emt 0:00:08]} 5. Nc3 {[%emt 0:00:13]} e5 {[%emt 0:00:08]} 6. Ndb5 {[%emt 0:01:00]} d6 {[%emt 0:00:20]} 7. Be3 {[%emt 0:01:03]} a6 {[%emt 0:03:37]} 8. Na3 {[%emt 0:02:05]} b5 {[%emt 0:09:12]} 9. Nd5 {[%emt 0:04:35]} Nxd5 {[%emt 0:03:43]} 10. Qxd5 {[%emt 0:03:03]} Bb7 {[%emt 0:05:46]} 11. c3 {[%emt 0:06:16]} Qc7 {[%emt 0:05:35]} 12. Qd2 {[%emt 0:05:07]} Be7 {[%emt 0:05:39]} 13. Be2 {[%emt 0:02:38]} O-O {[%emt 0:02:43]} 14. O-O {[%emt 0:02:29]} Rad8 {[%emt 0:17:30]} 15. Bf3 {[%emt 0:04:37]} d5 {[%emt 0:06:16]} 16. exd5 {[%emt 0:02:14]} Bxa3 {[%emt 0:00:19]} 17. bxa3 {[%emt 0:00:13]} Ne7 {[%emt 0:00:18]} 18. Qb2 {[%emt 0:02:42]} Bxd5 {[%emt 0:04:13]} 19. Be2 {[%emt 0:01:36]} Qc6 {[%emt 0:02:27]} 20. f3 {[%emt 0:01:58]} Bc4 {[%emt 0:01:13]} 21. Bxc4 {[%emt 0:02:07]} Qxc4 {[%emt 0:00:15]} 22. Qb4 {[%emt 0:01:45]} Nd5 {[%emt 0:07:10]} 23. Qxc4 {[%emt 0:02:36]} bxc4 {[%emt 0:00:03]} 24. Bc5 {[%emt 0:00:24]} Rfe8 {[%emt 0:00:40]} 25. Rfe1 {[%emt 0:01:30]} Nf4 {[%emt 0:06:25]} 26. Bb4 {[%emt 0:03:02]} f5 {[%emt 0:05:21]} 27. Rad1 {[%emt 0:02:04]} Rxd1 {[%emt 0:06:44]} 28. Rxd1 {[%emt 0:00:14]} Nd3 {[%emt 0:00:18]} 29. Bd6 {[%emt 0:01:37]} e4 {[%emt 0:01:13]} 30. fxe4 {[%emt 0:00:46]} fxe4 {[%emt 0:00:04]} 31. Kf1 {[%emt 0:00:49]} Re6 {[%emt 0:04:36]} 32. Bg3 {[%emt 0:00:28]} Rb6 {[%emt 0:02:09]} 33. Rd2 {[%emt 0:00:39]} e3 {[%emt 0:01:09]} 34. Re2 {[%emt 0:02:37]} Re6 {[%emt 0:00:13]} 35. Rc2 {[%emt 0:02:48]} h5 {[%emt 0:00:50]} 36. Ke2 {[%emt 0:01:20]} h4 {[%emt 0:01:03]} 37. Bxh4 {[%emt 0:03:37]} Nf4+ {[%emt 0:00:13]} 38. Kf3 {[%emt 0:00:12]} e2 {[%emt 0:00:46]} 39. Kxf4 {[%emt 0:00:30]} e1=Q {[%emt 0:00:21]} 40. Bxe1 {[%emt 0:00:05]} Rxe1 {[%emt 0:00:10]} 41. h4 {[%emt 0:00:44]} Rf1+ {[%emt 0:00:34]} 42. Ke4 {[%emt 0:00:17]} Rh1 {[%emt 0:00:42]} 43. g3 {[%emt 0:00:08]} Rg1 {[%emt 0:00:12]} 44. Kd4 {[%emt 0:00:10]} Rxg3 {[%emt 0:00:15]} 45. Rh2 {[%emt 0:00:12]} Rg4+ {[%emt 0:00:11]} 46. Kc5 {[%emt 0:00:11]} Kf7 {[%emt 0:00:23]} 47. h5 {[%emt 0:00:51]} Kg8 {[%emt 0:01:20]} 48. Rh3 {[%emt 0:00:32]} Rg2 {[%emt 0:00:35]} 49. Kxc4 {[%emt 0:00:08]} Rxa2 {[%emt 0:00:09]} 50. Kb4 {[%emt 0:00:06]} Rb2+ {[%emt 0:00:47]} 51. Ka5 {[%emt 0:00:28]} Ra2 {[%emt 0:00:40]} 52. c4 {[%emt 0:00:22]} Rc2 {[%emt 0:00:06]} 53. Rh4 {[%emt 0:00:07]} Rc3 {[%emt 0:00:18]} 54. a4 {[%emt 0:00:32]} Ra3 {[%emt 0:00:09]} 55. c5 {[%emt 0:00:21]} Rc3 {[%emt 0:00:03]} 56. Kb6 {[%emt 0:00:08]} Kf7 {[%emt 0:01:27]} 57. c6 {[%emt 0:00:15]} a5 {[%emt 0:00:37]} 58. c7 {[%emt 0:00:25]} Kf6 {[%emt 0:00:53]} 59. Rd4 {[%emt 0:00:40]} Kg5 {[%emt 0:00:41]} 60. Rd8 {[%emt 0:00:16]} Kxh5 {[%emt 0:00:36]} 61. c8=Q {[%emt 0:00:09]} Rxc8 {[%emt 0:00:19]} 62. Rxc8 {[%emt 0:00:07]} g5 {[%emt 0:00:07]} 63. Kxa5 {[%emt 0:00:06]} g4 {[%emt 0:00:08]} 64. Kb6 {[%emt 0:00:06]} g3 {[%emt 0:00:15]} 65. a5 {[%emt 0:00:08]} Kh4 {[%emt 0:00:11]} 66. a6 {[%emt 0:00:09]} g2 {[%emt 0:00:07]} 67. Rg8 {[%emt 0:00:05]} Kh3 {[%emt 0:00:11]} 68. a7 {[%emt 0:00:05]} Kh2 {[%emt 0:00:12]} 69. Rxg2+ {[%emt 0:00:09]} Kxg2 {[%emt 0:00:07]} 70. a8=Q+ {[%emt 0:00:04]} 1-0